[Event "DVM U20w 2020"]
[Site "Willingen GER"]
[Date "2021.06.24"]
[Round "1"]
[White "Doll, Rebecca"]
[Black "Arnhold, Steffi"]
[Result "0-1"]
[Termination "normal"]
[Board "1.1"]
[WhiteElo "1762"]
[BlackElo "2031"]
[WhiteClock "00:18:32"]
[BlackClock "00:23:20"]
[WhiteTeam "OSG Baden-Baden"]
[BlackTeam "SC Bavaria Regensburg von 1881 e.V."]
[PlyCount "120"]
[WhiteFideId "16236890"]
[BlackFideId "12931365"]
[EventCountry "GER"]
[EventRounds "7"]
[EventType "team-swiss"]
[EventDate "2021.06.23"]

1. e4 {[%clk 01:30:57]} {[%emt 00:03:42]} c5 {[%clk 01:30:52]} 2. Nf3 {[%clk
01:31:21]} e6 {[%clk 01:31:09]} 3. d4 {[%clk 01:31:46]} cxd4 {[%clk 01:31:33]}
4. Nxd4 {[%clk 01:32:08]} a6 {[%clk 01:31:48]} 5. c4 {[%clk 01:32:24]} Qc7
{[%clk 01:31:44]} 6. a3 {[%clk 01:29:34]} Nf6 {[%clk 01:30:00]} 7. Nc3 {[%clk
01:29:57]} Nc6 {[%clk 01:28:44]} 8. Be3 {[%clk 01:24:11]} Be7 {[%clk 01:25:35]}
9. Be2 {[%clk 01:21:50]} d6 {[%clk 01:23:23]} 10. O-O {[%clk 01:20:51]} O-O
{[%clk 01:22:33]} 11. Rc1 {[%clk 01:18:37]} Ne5 {[%clk 01:19:40]} 12. f3 {[%clk
01:06:13]} b6 {[%clk 01:12:40]} 13. b4 {[%clk 01:00:56]} Bb7 {[%clk 01:09:27]}
14. Qb3 {[%clk 00:58:05]} Rac8 {[%clk 00:59:59]} 15. Na4 {[%clk 00:56:10]} Rfe8
{[%clk 00:50:12]} 16. Rc3 {[%clk 00:45:43]} Ned7 {[%clk 00:46:05]} 17. Rfc1
{[%clk 00:38:52]} Qb8 {[%clk 00:44:01]} 18. Kh1 {[%clk 00:36:27]} Bd8 {[%clk
00:36:57]} 19. Qc2 {[%clk 00:29:24]} d5 {[%clk 00:23:56]} 20. exd5 {[%clk
00:22:47]} exd5 {[%clk 00:22:58]} 21. c5 {[%clk 00:20:12]} bxc5 {[%clk
00:19:01]} 22. bxc5 {[%clk 00:19:54]} Ba5 {[%clk 00:10:52]} 23. Rb3 {[%clk
00:17:48]} Qe5 {[%clk 00:09:04]} 24. Bf2 {[%clk 00:10:54]} {[%emt 00:10:45]}
Bc6 {[%clk 00:08:24]} 25. Re3 {[%clk 00:08:18]} Ne4 {[%emt 00:07:06]} 26. Kg1
{[%clk 00:03:24]} {[%emt 00:00:16]} Qxd4 {[%clk 00:04:11]} {[%emt 00:00:27]}
27. Rxe4 {[%clk 00:03:49]} {[%emt 00:00:06]} Qd2 {[%clk 00:03:46]} {[%emt
00:00:55]} 28. Rh4 {[%clk 00:02:49]} {[%emt 00:01:30]} g6 {[%clk 00:02:34]}
{[%emt 00:01:41]} 29. Bf1 {[%clk 00:02:10]} {[%emt 00:01:08]} Qxc2 {[%clk
00:01:55]} {[%emt 00:01:10]} 30. Rxc2 {[%clk 00:02:37]} {[%emt 00:00:04]} Bd8
{[%clk 00:02:18]} {[%emt 00:00:07]} 31. Rb4 {[%clk 00:02:33]} {[%emt 00:00:34]}
a5 {[%clk 00:02:22]} {[%emt 00:00:25]} 32. Rd4 {[%clk 00:01:04]} {[%emt
00:02:00]} Bf6 {[%clk 00:02:42]} {[%emt 00:00:10]} 33. Nb6 {[%clk 00:00:49]}
{[%emt 00:00:45]} Nxb6 {[%clk 00:02:16]} {[%emt 00:00:55]} 34. cxb6 {[%clk
00:01:02]} {[%emt 00:00:18]} Bxd4 {[%clk 00:02:42]} {[%emt 00:00:03]} 35. Bxd4
{[%clk 00:01:30]} {[%emt 00:00:01]} Bb7 {[%clk 00:02:56]} {[%emt 00:00:17]} 36.
Rb2 {[%clk 00:01:20]} {[%emt 00:00:39]} Re1 {[%clk 00:02:37]} {[%emt 00:00:49]}
37. Kf2 {[%clk 00:01:16]} {[%emt 00:00:35]} Rd1 {[%clk 00:01:53]} {[%emt
00:01:13]} 38. Be5 {[%clk 00:01:13]} {[%emt 00:00:33]} Ra1 {[%clk 00:01:15]}
{[%emt 00:01:08]} 39. Re2 {[%clk 00:00:33]} {[%emt 00:01:10]} Rxa3 {[%clk
00:01:30]} {[%emt 00:00:15]} 40. Bc7 {[%clk 00:00:54]} {[%emt 00:00:09]} Rc3
{[%clk 00:01:08]} {[%emt 00:00:52]} 41. Re7 {[%clk 00:00:39]} {[%emt 00:00:45]}
Rb3 {[%clk 00:00:41]} {[%emt 00:00:57]} 42. g3 {[%clk 00:28:44]} {[%emt
00:02:25]} a4 {[%clk 00:24:53]} {[%emt 00:06:17]} 43. Bh3 {[%clk 00:26:21]}
{[%emt 00:07:21]} Rf8 {[%emt 00:00:05]} 44. Bd8 {[%clk 00:18:28]} {[%emt
00:04:31]} Rxd8 {[%clk 00:23:49]} {[%emt 00:01:24]} 45. Rxb7 {[%clk 00:18:48]}
{[%emt 00:00:10]} d4 {[%clk 00:22:58]} {[%emt 00:01:21]} 46. Rd7 {[%clk
00:18:23]} {[%emt 00:00:54]} Rxd7 {[%clk 00:23:15]} {[%emt 00:00:13]} 47. Bxd7
{[%clk 00:18:47]} {[%emt 00:00:05]} Rxb6 {[%clk 00:23:39]} {[%emt 00:00:07]}
48. Bxa4 {[%clk 00:19:11]} {[%emt 00:00:06]} Rb2+ {[%clk 00:24:02]} {[%emt
00:00:07]} 49. Kg1 {[%clk 00:18:42]} {[%emt 00:00:59]} g5 {[%clk 00:23:08]}
{[%emt 00:01:24]} 50. h3 {[%clk 00:18:01]} {[%emt 00:01:12]} f6 {[%clk
00:23:16]} {[%emt 00:00:21]} 51. Bd7 {[%clk 00:17:55]} {[%emt 00:00:35]} Kf7
{[%clk 00:23:19]} {[%emt 00:00:28]} 52. Bf5 {[%clk 00:18:10]} {[%emt 00:00:16]}
h6 {[%clk 00:23:12]} {[%emt 00:00:37]} 53. Kf1 {[%clk 00:18:30]} {[%emt
00:00:09]} Ke7 {[%clk 00:22:35]} {[%emt 00:01:07]} 54. f4 {[%clk 00:17:52]}
{[%emt 00:01:08]} Kd6 {[%clk 00:21:45]} {[%emt 00:01:21]} 55. fxg5 {[%clk
00:17:36]} {[%emt 00:00:46]} fxg5 {[%clk 00:21:49]} {[%emt 00:00:26]} 56. h4
{[%clk 00:17:18]} {[%emt 00:00:48]} gxh4 {[%clk 00:22:03]} {[%emt 00:00:15]}
57. gxh4 {[%clk 00:17:42]} {[%emt 00:00:05]} Ke5 {[%clk 00:22:27]} {[%emt
00:00:07]} 58. Bg6 {[%clk 00:18:03]} {[%emt 00:00:09]} Kf4 {[%clk 00:22:45]}
{[%emt 00:00:12]} 59. Ke1 {[%clk 00:18:12]} {[%emt 00:00:21]} Ke3 {[%clk
00:23:01]} {[%emt 00:00:14]} 60. Kd1 {[%clk 00:18:32]} {[%emt 00:00:10]} d3
{[%clk 00:23:20]} {[%emt 00:00:11]} 0-1

[Event "DVM U20w 2020"]
[Site "Willingen GER"]
[Date "2021.06.24"]
[Round "1"]
[White "Bardorz, Jana"]
[Black "Schneider, Katharina"]
[Result "1-0"]
[Termination "normal"]
[Board "1.2"]
[WhiteElo "1939"]
[BlackElo "1744"]
[WhiteClock "00:01:04"]
[BlackClock "00:27:11"]
[WhiteTeam "SC Bavaria Regensburg von 1881 e.V."]
[BlackTeam "OSG Baden-Baden"]
[PlyCount "195"]
[WhiteFideId "16208897"]
[BlackFideId "16200519"]
[EventCountry "GER"]
[EventRounds "7"]
[EventType "team-swiss"]
[EventDate "2021.06.23"]

{[%evp 0,163,23,23,23,23,26,23,28,33,20,5,10,10,12,11,22,5,61,37,44,27,17,17,
21,23,20,-22,21,16,25,26,44,34,32,23,26,22,22,6,44,42,98,62,143,130,122,-60,38,
28,72,71,81,81,78,74,97,77,74,132,136,106,129,132,132,110,113,120,148,127,127,
128,163,185,227,239,249,192,188,148,139,129,142,146,177,195,203,195,229,196,
197,169,186,180,165,145,154,153,189,150,150,150,150,141,152,170,181,192,216,
217,215,217,231,226,238,175,188,182,250,245,208,198,247,197,195,190,225,195,
193,189,189,177,189,189,225,229,236,198,212,213,237,237,237,256,256,263,270,
264,267,275,432,511,542,547,675,620,921,630,637,645,1273,555,553,537,637,678]}
1. e4 {[%emt 0:11:40]} e5 2. Nf3 Nc6 3. d4 exd4 4. Nxd4 Nf6 5. Nc3 Bb4 6. Nxc6
bxc6 7. Bd3 d6 8. O-O Ng4 9. h3 {[%emt 0:10:55]} Ne5 10. f4 Bc5+ 11. Kh1 Nxd3
12. cxd3 O-O {[%emt 0:00:07]} 13. Qf3 {[%emt 0:06:30]} Qh4 {[%emt 0:10:05]} 14.
Be3 {[%emt 0:08:56]} Bb6 {[%emt 0:02:46]} 15. f5 {[%emt 0:16:15]} Bxe3 { [%emt
0:08:18]} 16. Qxe3 {[%emt 0:00:06]} Re8 {[%emt 0:15:55]} 17. Rf4 { [%emt
0:06:06]} Qf6 {[%emt 0:01:06]} 18. Re1 {[%emt 0:02:54]} Rb8 {[%emt 0:03: 33]}
19. Re2 {[%emt 0:02:10]} a6 {[%emt 0:04:42]} 20. d4 {[%emt 0:06:36]} Rb4 {
[%emt 0:10:43]} 21. e5 {[%emt 0:08:33]} dxe5 {[%emt 0:01:46]} 22. a3 {[%emt 0:
04:39]} Rb3 {[%emt 0:08:30]} 23. Ne4 {[%emt 0:08:26]} Qd8 {[%emt 0:03:38]} 24.
Nf6+ {[%emt 0:03:08]} gxf6 {[%emt 0:02:08]} 25. Rg4+ {[%emt 0:00:20]} Kh8 {
[%emt 0:14:42]} 26. Qxb3 Bxf5 27. Rg3 Bg6 28. Qc3 {[%emt 0:07:07]} Qd5 { [%emt
0:00:18]} 29. dxe5 {[%emt 0:00:26]} Rxe5 {[%emt 0:00:36]} 30. Rge3 { [%emt
0:01:32]} Rf5 {[%emt 0:02:05]} 31. Rd2 {[%emt 0:00:27]} Qb5 {[%emt 0:01: 36]}
32. Rf3 {[%emt 0:00:13]} Kg7 {[%emt 0:01:49]} 33. Rxf5 {[%emt 0:01:16]} Bxf5
{[%emt 0:00:24]} 34. Qg3+ Bg6 {[%emt 0:00:15]} 35. Qxc7 {[%emt 0:00:35]} Qf1+
{[%emt 0:00:34]} 36. Kh2 {[%emt 0:00:05]} Be4 {[%emt 0:00:33]} 37. Qg3+ { [%emt
0:00:23]} Bg6 {[%emt 0:00:13]} 38. Rf2 {[%emt 0:01:09]} Qb5 {[%emt 0:00: 17]}
39. Qf3 {[%emt 0:00:57]} Qe5+ {[%emt 0:00:21]} 40. Kh1 {[%emt 0:00:10]} Qe1+
{[%emt 0:00:12]} 41. Rf1 {[%emt 0:00:33]} Qe6 {[%emt 0:00:21]} 42. Rc1 { [%emt
0:05:46]} Be4 {[%emt 0:00:26]} 43. Qg3+ {[%emt 0:01:47]} Kh8 {[%emt 0:00: 32]}
44. Rc3 {[%emt 0:06:04]} Qd5 {[%emt 0:06:04]} 45. Qb8+ Kg7 46. Rg3+ { [%emt
0:47:25]} Bg6 47. Qb3 Qe5 48. Qc3 Qd6 49. b4 Qd1+ 50. Kh2 Qd6 51. Qc4 h5 52. h4
f5 53. Qc5 Qxc5 54. bxc5 f4 55. Rf3 Kf6 56. Rxf4+ Ke5 57. Rc4 Kd5 58. Rc1 Bd3
59. Rd1 Kc4 60. Kg3 Bg6 61. Rc1+ Kb3 62. Kf4 Kxa3 63. Ra1+ Kb4 64. Rxa6 Kxc5
65. Ke5 Kb5 66. Ra8 Kb4 67. Rc8 Kc5 68. g3 Bd3 69. Rc7 Bg6 70. Rd7 Kb4 71. Kd6
Kb5 72. Rc7 Kc4 73. Rxc6+ Kd4 74. Rc5 f5 75. Re5 Bh7 76. Ke6 Bg6 77. Kf6 Bh7
78. Re7 Bg8 79. Kxf5 Bd5 80. Kg5 Bf3 81. Rh7 Ke5 82. Rxh5 Bxh5 83. Kxh5 Kf6 84.
Kh6 Kf7 85. g4 Kf8 86. Kh7 Kf7 87. g5 Kf8 88. g6 Ke7 89. g7 Ke6 90. g8=Q+ Kd6
91. Qe8 Kc7 92. Kg6 Kb6 93. h5 Ka5 94. Qb8 Ka6 95. h6 Ka5 96. h7 Ka6 97. h8=Q
Ka5 98. Qa1# 1-0

[Event "DVM U20w 2020"]
[Site "Willingen GER"]
[Date "2021.06.24"]
[Round "1"]
[White "Schneider, Anna"]
[Black "Oberhofer, Marie"]
[Result "1-0"]
[Termination "normal"]
[Board "1.3"]
[WhiteElo "1714"]
[BlackElo "1771"]
[WhiteClock "00:19:07"]
[BlackClock "00:06:40"]
[WhiteTeam "OSG Baden-Baden"]
[BlackTeam "SC Bavaria Regensburg von 1881 e.V."]
[PlyCount "109"]
[WhiteFideId "16200527"]
[BlackFideId "12938165"]
[EventCountry "GER"]
[EventRounds "7"]
[EventType "team-swiss"]
[EventDate "2021.06.23"]

1. e4 {[%emt 0:00:19]} c5 2. Nf3 d6 3. d4 cxd4 4. Nxd4 Nf6 5. Nc3 g6 6. Be3 Bg7
7. f3 O-O 8. Qd2 Nc6 9. O-O-O d5 10. exd5 Nxd5 11. Nxc6 bxc6 12. Bd4 e5 13. Bc5
Re8 14. Ne4 Qc7 15. h4 h5 16. Bc4 Be6 17. Bb3 Rad8 18. Qf2 Rd7 19. Rhg1 Nf4 20.
Bxe6 Nxe6 21. g4 Rxd1+ 22. Rxd1 Nxc5 23. Qxc5 hxg4 24. fxg4 Qb6 25. Qc3 Rd8 26.
Rf1 Rd4 {[%emt 0:10:28]} 27. Qf3 Rd7 28. h5 Rb7 29. b3 {[%emt 0:00:27]} c5 {
[%emt 0:06:39]} 30. hxg6 Qxg6 {[%emt 0:00:28]} 31. Nxc5 {[%emt 0:01:42]} Rc7 {
[%emt 0:01:16]} 32. Ne4 {[%emt 0:01:13]} Bh6+ {[%emt 0:01:03]} 33. Kb2 { [%emt
0:01:29]} Bf4 {[%emt 0:00:42]} 34. Qd3 {[%emt 0:02:02]} Kg7 {[%emt 0:01: 08]}
35. g5 {[%emt 0:02:15]} Bxg5 {[%emt 0:01:00]} 36. Rg1 {[%emt 0:00:52]} f6
{[%emt 0:00:51]} 37. Qd6 {[%emt 0:00:30]} Rf7 {[%emt 0:00:30]} 38. Nxg5 { [%emt
0:00:25]} fxg5 {[%emt 0:00:19]} 39. Qxe5+ {[%emt 0:00:16]} Qf6 {[%emt 0:
01:05]} 40. Qxf6+ {[%emt 0:00:45]} Kxf6 {[%emt 0:00:05]} 41. Rf1+ {[%emt 0:02:
05]} Ke6 {[%emt 0:00:33]} 42. Rxf7 {[%emt 0:00:13]} Kxf7 {[%emt 0:00:06]} 43.
Kc3 {[%emt 0:00:02]} Ke6 {[%emt 0:15:05]} 44. Kd3 {[%emt 0:00:07]} Ke5 { [%emt
0:01:49]} 45. Ke3 {[%emt 0:01:50]} a5 {[%emt 0:02:25]} 46. c4 {[%emt 0: 05:40]}
Kd6 {[%emt 0:03:12]} 47. Ke4 {[%emt 0:02:33]} Kc5 {[%emt 0:01:22]} 48. Kf5
{[%emt 0:00:30]} a4 {[%emt 0:01:33]} 49. Kxg5 {[%emt 0:03:02]} a3 {[%emt 0:
03:47]} 50. Kf5 {[%emt 0:01:04]} Kd4 {[%emt 0:00:12]} 51. Ke6 {[%emt 0:01:28]}
Kc3 {[%emt 0:00:50]} 52. c5 {[%emt 0:00:16]} Kb2 {[%emt 0:00:07]} 53. c6 {
[%emt 0:00:14]} Kxa2 {[%emt 0:00:07]} 54. c7 {[%emt 0:00:15]} Kxb3 {[%emt 0:00:
24]} 55. c8=Q {[%emt 0:00:15] normal} 1-0

[Event "DVM U20w 2020"]
[Site "Willingen GER"]
[Date "2021.06.24"]
[Round "1"]
[White "Pavlov, Liliane"]
[Black "Visvikis, Kassandra"]
[Result "1/2-1/2"]
[Termination "normal"]
[Board "1.4"]
[WhiteElo "1740"]
[BlackElo "1610"]
[WhiteClock "00:01:48"]
[BlackClock "00:37:05"]
[WhiteTeam "SC Bavaria Regensburg von 1881 e.V."]
[BlackTeam "OSG Baden-Baden"]
[PlyCount "196"]
[WhiteFideId "16225449"]
[BlackFideId "36052167"]
[EventCountry "GER"]
[EventRounds "7"]
[EventType "team-swiss"]
[EventDate "2021.06.23"]

{[%evp 0,161,23,14,15,4,34,25,32,14,28,27,25,28,27,32,14,22,16,-3,34,28,18,28,
21,38,47,37,47,47,47,38,38,37,97,-5,0,0,140,147,239,12,39,47,40,32,139,128,87,
87,69,74,90,90,149,136,172,171,390,106,186,254,243,138,145,127,161,123,160,138,
106,52,147,137,139,0,-81,-563,-51,-62,-43,-43,-35,-35,-35,-45,-39,-95,0,-38,
115,-134,-129,-131,-128,-123,-132,-128,-88,-215,-222,-213,-196,-255,-232,-238,
-232,-238,-235,-240,-249,-256,-249,-279,-239,-238,-239,-231,-200,-190,-185,
-163,-168,-166,-167,-164,-167,-377,-387,-532,-340,-439,-454,-606,-355,-383,
-382,-691,-428,-442,-443,-445,-426,-423,-442,-448,-394,-490,-423,-444,-377,
-369,-385,-434,-443,-658,-779,-779,-796,-869,-445,-536,-525,-603]} 1. d4 {
[%emt 0:00:02]} Nf6 {[%emt 0:00:07]} 2. c4 {[%emt 0:00:06]} g6 {[%emt 0:00:13]}
3. Nf3 {[%emt 0:00:14]} Bg7 {[%emt 0:00:15]} 4. g3 {[%emt 0:00:49]} d6 { [%emt
0:00:24]} 5. Bg2 {[%emt 0:00:13]} O-O {[%emt 0:00:07]} 6. Nc3 {[%emt 0: 00:36]}
Bg4 {[%emt 0:02:18]} 7. O-O {[%emt 0:01:29]} Nc6 {[%emt 0:22:06]} 8. a3 a6 9.
b4 Qd7 10. Bb2 {[%emt 0:03:44]} Rab8 {[%emt 0:04:14]} 11. Qd3 {[%emt 0: 04:38]}
e5 {[%emt 0:03:39]} 12. d5 {[%emt 0:15:32]} Bxf3 {[%emt 0:01:21]} 13. Bxf3
{[%emt 0:04:52]} Nd4 {[%emt 0:00:12]} 14. Bg2 {[%emt 0:01:10]} Qf5 { [%emt
0:02:04]} 15. e4 {[%emt 0:18:41]} Qh5 {[%emt 0:01:51]} 16. Rae1 {[%emt 0:
05:09]} g5 {[%emt 0:09:04]} 17. f4 {[%emt 0:06:48]} exf4 {[%emt 0:04:03]} 18.
gxf4 {[%emt 0:00:49]} Ng4 {[%emt 0:01:54]} 19. h3 {[%emt 0:01:09]} Nh6 { [%emt
0:01:34]} 20. Re3 {[%emt 0:07:19]} gxf4 {[%emt 0:02:18]} 21. Rxf4 { [%emt
0:01:19]} Be5 {[%emt 0:00:05]} 22. Rf1 {[%emt 0:04:48]} Kh8 {[%emt 0:03: 00]}
23. Nd1 {[%emt 0:03:54]} c5 {[%emt 0:05:33]} 24. dxc6 {[%emt 0:01:07]} Nxc6
{[%emt 0:00:06]} 25. b5 {[%emt 0:01:53]} axb5 {[%emt 0:01:30]} 26. cxb5 { [%emt
0:00:09]} Ne7 {[%emt 0:01:41]} 27. Qxd6 {[%emt 0:01:30]} Bxb2 {[%emt 0: 00:13]}
28. Nxb2 {[%emt 0:00:39]} Qxb5 {[%emt 0:01:32]} 29. Nd1 {[%emt 0:02:36] } Ng6
{[%emt 0:01:13]} 30. Qf6+ {[%emt 0:01:25]} Kg8 {[%emt 0:00:04]} 31. Nc3 { [%emt
0:00:37]} Qe5 {[%emt 0:03:17]} 32. Nd5 {[%emt 0:00:25]} Rbd8 {[%emt 0:02: 47]}
33. Qf2 {[%emt 0:01:06]} Kh8 {[%emt 0:03:58]} 34. Rb1 {[%emt 0:14:12]} Rd7 35.
Reb3 Rb8 36. Rb5 Qg7 37. Qa7 Rg8 38. Rxb7 Rxb7 39. Qxb7 Nh4 40. Qb2 Nxg2 41.
Qxg7+ {[%emt 0:00:15]} Rxg7 {[%emt 0:00:02]} 42. Rb8+ {[%emt 0:06:47]} Ng8 43.
a4 f5 {[%emt 0:01:28]} 44. Nf6 {[%emt 0:01:21]} fxe4 {[%emt 0:04:55]} 45. Nxe4
{[%emt 0:00:26]} Ne3+ {[%emt 0:00:08]} 46. Kf2 {[%emt 0:00:52]} Nd5 { [%emt
0:02:45]} 47. Rd8 {[%emt 0:03:27]} Rf7+ {[%emt 0:00:18]} 48. Kg3 { [%emt
0:00:45]} Ndf6 {[%emt 0:01:23]} 49. Nc5 {[%emt 0:01:35]} Rc7 {[%emt 0:00: 42]}
50. Ne6 {[%emt 0:02:33]} Rc3+ {[%emt 0:01:13]} 51. Kh4 {[%emt 0:01:49]} Rc4+
{[%emt 0:01:14]} 52. Rd4 {[%emt 0:00:08]} Rc6 {[%emt 0:00:56]} 53. Nd8 { [%emt
0:01:28]} Ra6 {[%emt 0:00:44]} 54. Kg5 {[%emt 0:01:25]} Kg7 {[%emt 0:06: 24]}
55. Nb7 Ne7 56. h4 h6+ 57. Kf4 {[%emt 0:00:09]} Ned5+ {[%emt 0:00:25]} 58. Ke5
{[%emt 0:01:53]} Nc3 {[%emt 0:02:39]} 59. Nc5 {[%emt 0:01:14]} Ra5 { [%emt
0:00:15]} 60. Kd6 {[%emt 0:00:37]} Kg6 {[%emt 0:05:45]} 61. Kc6 {[%emt 0:
01:14]} Kf5 {[%emt 0:01:17]} 62. Kb6 {[%emt 0:01:45]} Ra8 {[%emt 0:01:09]} 63.
a5 {[%emt 0:00:17]} Nfd5+ {[%emt 0:00:20]} 64. Kc6 {[%emt 0:02:03]} Rxa5 {
[%emt 0:00:12]} 65. Nb3 {[%emt 0:01:37]} Rb5 {[%emt 0:02:33]} 66. Nd2 {[%emt 0:
00:55]} Ke5 {[%emt 0:03:03]} 67. Rg4 {[%emt 0:00:55]} Rb6+ {[%emt 0:00:16]} 68.
Kd7 {[%emt 0:00:32]} Nf6+ {[%emt 0:00:05]} 69. Kc8 {[%emt 0:00:45]} Nxg4 {
[%emt 0:04:44]} 70. Nc4+ {[%emt 0:00:10]} Kf5 {[%emt 0:00:13]} 71. Nxb6 { [%emt
0:00:06]} Nf6 {[%emt 0:00:07]} 72. Nc4 {[%emt 0:00:22]} Kf4 {[%emt 0:00: 36]}
73. Kd8 {[%emt 0:01:34]} h5 {[%emt 0:00:09]} 74. Ke7 {[%emt 0:00:13]} Nce4
{[%emt 0:00:25]} 75. Ke6 {[%emt 0:00:44]} Kg4 {[%emt 0:00:20]} 76. Ne3+ { [%emt
0:00:35]} Kxh4 {[%emt 0:00:05]} 77. Nf5+ {[%emt 0:00:51]} Kg5 {[%emt 0: 00:17]}
78. Nd4 {[%emt 0:00:38]} Kg4 {[%emt 0:00:13]} 79. Nf5 {[%emt 0:00:09]} Nh7
{[%emt 0:03:07]} 80. Ke5 Nhg5 81. Ne3+ Kf3 82. Nf5 Kg4 83. Ne3+ Kh3 84. Nf5 Ng3
85. Ne3 h4 86. Kf4 Ne6+ 87. Kf3 Kh2 88. Ng4+ Kg1 89. Nf2 Nd4+ 90. Kg4 Ndf5 91.
Nh3+ Kh2 92. Ng5 Kg2 93. Nh3 Nf1 94. Nf4+ Kh2 95. Kxf5 Kg3 96. Kg5 Ne3 97. Nh5+
Kh3 98. Nf4+ Kg3 1/2-1/2

[Event "DVM U20w 2020"]
[Site "Willingen GER"]
[Date "2021.06.24"]
[Round "1"]
[White "Reinecke, Katharina"]
[Black "Mundt, Alexandra"]
[Result "1-0"]
[Termination "normal"]
[Board "2.1"]
[WhiteElo "1950"]
[BlackElo "1768"]
[WhiteClock "00:05:39"]
[BlackClock "00:04:51"]
[WhiteTeam "SK Langen"]
[BlackTeam "SK Doppelbauer Kiel"]
[PlyCount "127"]
[WhiteFideId "12929727"]
[BlackFideId "16217276"]
[EventCountry "GER"]
[EventRounds "7"]
[EventType "team-swiss"]
[EventDate "2021.06.23"]

1. Nf3 {[%emt 0:00:03]} d5 {[%emt 0:00:12]} 2. d4 {[%emt 0:00:22]} e6 {[%emt 0:
00:13]} 3. g3 {[%emt 0:00:38]} Nf6 {[%emt 0:02:09]} 4. Bg2 {[%emt 0:00:40]} Bd6
{[%emt 0:24:37]} 5. O-O O-O 6. c4 c6 7. Bf4 Ne4 {[%emt 0:09:39]} 8. Nbd2 {
[%emt 0:11:27]} f5 {[%emt 0:08:54]} 9. Rc1 {[%emt 0:08:22]} Nd7 {[%emt 0:02:14]
} 10. Bxd6 {[%emt 0:05:27]} Nxd6 {[%emt 0:00:14]} 11. Ne5 {[%emt 0:08:52]} Nf6
{[%emt 0:13:03]} 12. c5 {[%emt 0:08:59]} Nde4 {[%emt 0:04:22]} 13. Ndf3 { [%emt
0:01:49]} Bd7 {[%emt 0:06:33]} 14. Qd3 {[%emt 0:03:09]} Rc8 {[%emt 0:09: 21]}
15. e3 {[%emt 0:03:13]} Qe7 {[%emt 0:07:49]} 16. b4 {[%emt 0:02:27]} Kh8 {
[%emt 0:04:07]} 17. a4 {[%emt 0:02:57]} a6 {[%emt 0:00:14]} 18. Rc2 {[%emt 0:
04:20]} Be8 {[%emt 0:04:48]} 19. Rfc1 {[%emt 0:01:32]} Ng4 {[%emt 0:01:13]} 20.
h3 {[%emt 0:01:48]} Nh6 {[%emt 0:25:48]} 21. Bf1 g5 {[%emt 0:07:06]} 22. Nd2
Nxd2 23. Qxd2 f4 {[%emt 0:00:29]} 24. g4 {[%emt 0:01:37]} Nf7 {[%emt 0:00:37]}
25. exf4 {[%emt 0:00:48]} gxf4 {[%emt 0:00:15]} 26. Qxf4 {[%emt 0:00:27]} Ng5 {
[%emt 0:00:11]} 27. Qe3 {[%emt 0:01:17]} Bg6 {[%emt 0:00:17]} 28. Nxg6+ { [%emt
0:00:26]} hxg6 {[%emt 0:00:02]} 29. Bg2 {[%emt 0:01:13]} Rf7 {[%emt 0:02: 04]}
30. Re1 {[%emt 0:00:15]} Rcf8 {[%emt 0:00:36]} 31. Qe5+ {[%emt 0:00:44]} Kh7
{[%emt 0:00:20]} 32. Rce2 {[%emt 0:00:35]} Nf3+ {[%emt 0:00:23]} 33. Bxf3 {
[%emt 0:00:01]} Rxf3 {[%emt 0:00:05]} 34. Qxe6 {[%emt 0:00:37]} Qxe6 {[%emt 0:
00:57]} 35. Rxe6 {[%emt 0:00:02]} Rxf2 {[%emt 0:00:35]} 36. Re7+ {[%emt 0:00:
17]} R2f7 {[%emt 0:00:29]} 37. Rxf7+ {[%emt 0:01:13]} Rxf7 {[%emt 0:00:02]} 38.
Rf1 {[%emt 0:00:39]} Re7 {[%emt 0:00:03]} 39. Rf4 {[%emt 0:00:34]} Re1+ { [%emt
0:01:57]} 40. Kf2 {[%emt 0:00:11]} Rd1 {[%emt 0:00:22]} 41. Ke2 {[%emt 0:
05:42]} Ra1 {[%emt 0:03:24]} 42. Rf7+ {[%emt 0:01:14]} Kh6 {[%emt 0:06:57]} 43.
Rxb7 {[%emt 0:00:02]} Rxa4 {[%emt 0:47:29]} 44. h4 a5 45. Kf3 g5 46. hxg5+ Kxg5
47. Rg7+ Kf6 48. Rc7 axb4 49. Rxc6+ Kg5 50. Rb6 b3 51. Ke3 Rc4 52. Rxb3 Kxg4
53. Kd3 Kf5 54. Rc3 Ra4 55. c6 Ra8 56. c7 Rc8 57. Rc6 Kf4 58. Kc3 Ke4 59. Re6+
Kf4 60. Re7 Kf5 61. Kb4 Kf6 62. Rh7 Kf5 63. Kc5 Ke4 64. Re7+ 1-0

[Event "DVM U20w 2020"]
[Site "Willingen GER"]
[Date "2021.06.24"]
[Round "1"]
[White "Rempe, Mieke"]
[Black "Flach, Helene"]
[Result "0-1"]
[Termination "normal"]
[Board "2.2"]
[WhiteElo "1669"]
[BlackElo "1749"]
[WhiteClock "00:12:43"]
[BlackClock "00:13:39"]
[WhiteTeam "SK Doppelbauer Kiel"]
[BlackTeam "SK Langen"]
[PlyCount "52"]
[WhiteFideId "16202384"]
[BlackFideId "12929735"]
[EventCountry "GER"]
[EventRounds "7"]
[EventType "team-swiss"]
[EventDate "2021.06.23"]

1. e4 {[%clk 01:30:54]} {[%emt 00:03:45]} c5 {[%clk 01:30:46]} 2. Nf3 {[%clk
01:31:17]} e6 {[%clk 01:31:10]} 3. d4 {[%clk 01:31:40]} cxd4 {[%clk 01:31:35]}
4. Nxd4 {[%clk 01:31:59]} a6 {[%clk 01:32:00]} 5. a4 {[%clk 01:32:03]} Nf6
{[%clk 01:30:52]} 6. Bd3 {[%clk 01:30:51]} Qc7 {[%clk 01:29:12]} 7. O-O {[%clk
01:29:14]} b6 {[%clk 01:27:26]} {[%emt 00:07:17]} 8. Nc3 {[%clk 01:27:56]}
{[%emt 00:10:56]} Bb7 {[%clk 01:27:33]} 9. Be3 {[%clk 01:26:17]} d6 10. f4
{[%clk 01:21:25]} Nbd7 {[%clk 01:26:20]} 11. Nb3 {[%clk 01:15:52]} {[%emt
00:00:21]} Be7 {[%clk 01:24:17]} {[%emt 00:02:34]} 12. Qf3 {[%clk 01:09:28]}
{[%emt 00:06:54]} O-O {[%clk 01:01:41]} {[%emt 00:23:06]} 13. Qg3 {[%clk
01:06:50]} {[%emt 00:03:07]} d5 {[%clk 00:43:59]} {[%emt 00:18:13]} 14. exd5
{[%clk 01:01:17]} {[%emt 00:06:03]} Nxd5 {[%clk 00:44:00]} {[%emt 00:00:29]}
15. Nxd5 {[%clk 01:00:01]} {[%emt 00:01:45]} Bxd5 {[%clk 00:42:27]} {[%emt
00:02:05]} 16. Qh3 {[%clk 00:54:34]} {[%emt 00:05:56]} g6 {[%clk 00:39:37]}
{[%emt 00:03:19]} 17. f5 {[%clk 00:44:34]} {[%emt 00:10:31]} exf5 {[%clk
00:27:10]} {[%emt 00:12:57]} 18. Bh6 {[%clk 00:44:33]} {[%emt 00:00:29]} Rfd8
{[%clk 00:15:21]} {[%emt 00:12:22]} 19. Bxf5 {[%clk 00:28:17]} {[%emt
00:16:45]} gxf5 {[%clk 00:14:38]} {[%emt 00:01:13]} 20. Rxf5 {[%clk 00:28:34]}
Nf8 {[%clk 00:14:46]} {[%emt 00:00:34]} 21. Bxf8 {[%clk 00:17:08]} {[%emt
00:11:57]} Bxf8 {[%clk 00:14:28]} {[%emt 00:00:48]} 22. Rg5+ {[%clk 00:13:33]}
{[%emt 00:04:05]} Kh8 {[%clk 00:13:39]} {[%emt 00:01:19]} 23. Qg4 {[%clk
00:12:43]} {[%emt 00:01:20]} f6 24. Rh5 {[%clk 00:12:43]} Qxc2 25. Nd4 {[%clk
00:12:43]} Bc5 26. Rd1 {[%clk 00:12:43]} Rg8 0-1